Match the Kanye Song to Its Album - Statistics

General Stats
  • This quiz has been taken 6 times
  • The average score is 117 of 200
Answer Stats
Hint Answer % Correct
Diamonds from Sierra Leone (Bonus Track) Late Registration
100%
Diamonds from Sierra Leone (Remix) Late Registration
100%
Late Late Registration
100%
Paranoid 808s & Heartbreak
80%
Welcome to Heartbreak 808s & Heartbreak
80%
Bad News 808s & Heartbreak
80%
Sisters and Brothers BULLY
80%
Remote Control Donda
80%
Remote Control pt 2 Donda
80%
Donda Donda
80%
Good Morning Graduation
80%
Flashing Lights Graduation
80%
The Glory Graduation
80%
On God JESUS IS KING
80%
Skit #1 Late Registration
80%
Drive Slow Late Registration
80%
We Major Late Registration
80%
Heard ‘Em Say Late Registration
80%
Celebration Late Registration
80%
Skit #2 Late Registration
80%
Hey Mama Late Registration
80%
Gold Digger Late Registration
80%
Crack Music Late Registration
80%
Roses Late Registration
80%
Wake Up Mr. West Late Registration
80%
Touch the Sky Late Registration
80%
Gone Late Registration
80%
Addiction Late Registration
80%
Skit #4 Late Registration
80%
All of the Lights My Beautiful Dark Twisted Fantasy
80%
Gorgeous My Beautiful Dark Twisted Fantasy
80%
Power My Beautiful Dark Twisted Fantasy
80%
So Appalled My Beautiful Dark Twisted Fantasy
80%
All of the Lights (Interlude) My Beautiful Dark Twisted Fantasy
80%
Spaceship The College Dropout
80%
All Falls Down The College Dropout
80%
Father Stretch My Hands Pt. 1 The Life of Pablo
80%
Real Friends The Life of Pablo
80%
FML The Life of Pablo
80%
Pt. 2 The Life of Pablo
80%
Siiiiiiiiilver Surffffeeeeer Intermission The Life of Pablo
80%
Wolves The Life of Pablo
80%
No Mistakes ye
80%
All Mine ye
80%
Yikes ye
80%
Black Skinhead Yeezus
80%
Blood on the Leaves Yeezus
80%
New Slaves Yeezus
80%
Hold My Liquor Yeezus
80%
Street Lights 808s & Heartbreak
60%
See You in My Nightmares 808s & Heartbreak
60%
Love Lockdown 808s & Heartbreak
60%
Say You Will 808s & Heartbreak
60%
Coldest Winter 808s & Heartbreak
60%
Pinocchio Story 808s & Heartbreak
60%
Amazing 808s & Heartbreak
60%
Heartless 808s & Heartbreak
60%
Punch Drunk BULLY
60%
King BULLY
60%
Father BULLY
60%
Bully BULLY
60%
All the Love BULLY
60%
Junya pt 2 Donda
60%
Jail Donda
60%
Off the Grid Donda
60%
Hurricane Donda
60%
Tell the Vision Donda
60%
Ok Ok pt 2 Donda
60%
Come to Life Donda
60%
Life of the Party Donda
60%
Keep My Spirit Alive Donda
60%
Jail pt 2 Donda
60%
24 Donda
60%
Donda Chant Donda
60%
Moon Donda
60%
Believe What I Say Donda
60%
Junya Donda
60%
Mr Miyagi DONDA 2
60%
Happy DONDA 2
60%
Security DONDA 2
60%
Too Easy DONDA 2
60%
530 DONDA 2
60%
Stronger Graduation
60%
Drunk and Hot Girls Graduation
60%
Everything I Am Graduation
60%
Barry Bonds Graduation
60%
Good Night Graduation
60%
I Wonder Graduation
60%
Can’t Tell Me Nothing Graduation
60%
Good Life Graduation
60%
Homecoming Graduation
60%
Big Brother Graduation
60%
Champion Graduation
60%
Closed on Sunday JESUS IS KING
60%
Use This Gospel JESUS IS KING
60%
God Is JESUS IS KING
60%
Follow God JESUS IS KING
60%
Selah JESUS IS KING
60%
Jesus Is Lord JESUS IS KING
60%
Skit #3 Late Registration
60%
My Way Home Late Registration
60%
Bring Me Down Late Registration
60%
Dark Fantasy My Beautiful Dark Twisted Fantasy
60%
Lost in the World My Beautiful Dark Twisted Fantasy
60%
Monster My Beautiful Dark Twisted Fantasy
60%
Who Will Survive in America My Beautiful Dark Twisted Fantasy
60%
Blame Game My Beautiful Dark Twisted Fantasy
60%
Devil in a New Dress My Beautiful Dark Twisted Fantasy
60%
Runaway My Beautiful Dark Twisted Fantasy
60%
Hell of a Life My Beautiful Dark Twisted Fantasy
60%
The New Workout Plan The College Dropout
60%
Breathe In Breathe Out The College Dropout
60%
Family Business The College Dropout
60%
I’ll Fly Away The College Dropout
60%
School Spirit The College Dropout
60%
School Spirit Skit #2 The College Dropout
60%
Workout Plan The College Dropout
60%
Never Let Me Down The College Dropout
60%
Two Words The College Dropout
60%
We Don’t Care The College Dropout
60%
Jesus Walks The College Dropout
60%
Through the Wire The College Dropout
60%
School Spirit Skit #1 The College Dropout
60%
Last Call The College Dropout
60%
No More Parties in LA The Life of Pablo
60%
Facts (Charlie Heat Version) The Life of Pablo
60%
I Love Kanye The Life of Pablo
60%
30 Hours The Life of Pablo
60%
Famous The Life of Pablo
60%
Frank’s Track The Life of Pablo
60%
Saint Pablo The Life of Pablo
60%
Waves The Life of Pablo
60%
Feedback The Life of Pablo
60%
Low Lights The Life of Pablo
60%
Freestyle 4 The Life of Pablo
60%
Ultralight Beam The Life of Pablo
60%
Highlights The Life of Pablo
60%
Ghost Town ye
60%
Wouldn’t Leave ye
60%
Violent Crimes ye
60%
I Thought About Killing You ye
60%
Guilt Trip Yeezus
60%
Send It Up Yeezus
60%
On Sight Yeezus
60%
I Am a God Yeezus
60%
Bound 2 Yeezus
60%
RoboCop 808s & Heartbreak
40%
This a Must BULLY
40%
Whatever Works BULLY
40%
Last Breath BULLY
40%
White Lines BULLY
40%
This One Here BULLY
40%
Beauty and the Beast BULLY
40%
Circles BULLY
40%
Highs and Lows BULLY
40%
Preacher Man BULLY
40%
Up from the Ashes Donda
40%
Pure Souls Donda
40%
Keep My Spirit Alive pt 2 Donda
40%
No Child Left Behind Donda
40%
Jesus Lord pt 2 Donda
40%
Ok Ok Donda
40%
Jonah Donda
40%
Praise God Donda
40%
Never Abandon Your Family Donda
40%
True Love DONDA 2
40%
Broken Road DONDA 2
40%
Get Lost DONDA 2
40%
City of God DONDA 2
40%
Maintenance DONDA 2
40%
First Time in a Long Time DONDA 2
40%
Louie Bags DONDA 2
40%
Pablo DONDA 2
40%
Keep the Flowers DONDA 2
40%
City of Chi DONDA 2
40%
Jesse DONDA 2
40%
SCIFI DONDA 2
40%
Suzy DONDA 2
40%
Burn Everything DONDA 2
40%
Water JESUS IS KING
40%
Everything We Need JESUS IS KING
40%
Intro The College Dropout
40%
Graduation Day The College Dropout
40%
Slow Jamz The College Dropout
40%
Get Em High The College Dropout
40%
Lil Jimmy Skit The College Dropout
40%
Fade The Life of Pablo
40%
I’m in It Yeezus
40%
Mama’s Favorite BULLY
20%
Damn BULLY
20%
I Can’t Wait BULLY
20%
New Again Donda
20%
God Breathed Donda
20%
Jesus Lord Donda
20%
Lord I Need You Donda
20%
Heaven and Hell Donda
20%
We Did It DONDA 2
20%
Lord Lift Me Up DONDA 2
20%
Every Hour JESUS IS KING
20%
Hands On JESUS IS KING
20%
No matching quizzes found
Score Distribution
Percent of People with Each Score
Percentile by Number Answered
Your Score History
You have not taken this quiz